000 00847nam a2200229Ia 4500
001 16690
003 GE_BSU
008 181216s||||||||xx |||||||||||||| ||und||
040 _cGE_BSU
080 _a82-93:821.161.1-32
100 _aკოსტიუკოვსკი, ბორისი
245 _aსად იმალება მზე
245 _bმოთხრობა. სასკოლო ასაკის ბავშვთათვის
245 _cთარგმნა ე. მახათელაშვილმა. რედ. ც. ცერცვაძე.
260 _aთბილისი
260 _bნაკადული
260 _c1969
300 _a265გვ. : ილ. ; 20სმ.
653 _aმოთხრობა
653 _aსად იმალება მზე
942 _cBK
999 _c49755
_d49755